| 000 | 00701nam a2200193 a 4500 | ||
|---|---|---|---|
| 008 | 071025s2000 ||||||||||||||||| || u | ||
| 020 | _a0195216024 | ||
| 050 | _aIBRD(02) | ||
| 100 | _aNarayan, Deepa | ||
| 245 | 1 | 0 |
_aVoices of the poor: crying out for change _cDeepa Narayan...[and others] |
| 260 |
_aOxford _bOxford University Press _c2000 |
||
| 300 | _axviii, 314p.: ill. | ||
| 350 | _a0.00 | ||
| 490 | _aWorld Bank 2000 | ||
| 650 | _aPOOR--RESEARCH--DEVELOPING COUNTRIES | ||
| 650 | _aWORLD POOR | ||
| 650 | _aPOOR--WORLD BANK | ||
| 995 |
_D0.00 _FCBU-MAIN LIBRARY (Kitwe) _H1 _I0.00 _M1 _UAVAILABLE _WOct 25, 2007 _ZInternational Publications |
||
| 999 |
_c61369 _d61369 |
||